000 00258nam a22001217a 4500
082 _a923.5
100 _aQudrat Ullah Shahaab
245 _aShahaab Namah
260 _aLahore
_bSang e meel
_c2013.
300 _a840.pm ;
500 _aHardcover.
942 _cBK
999 _c33106
_d33106